1 Million Cities: 2017 - 2018 Variations on the World Map - Statistics

General Stats
  • This quiz has been taken 73 times
  • The average score is 11 of 30
Answers on the Map
Answers color-coded by a green-red scale on the quiz's map according to % correct below.
 
Answer Stats
TYPE Pop variation City COUNTRY % Correct
Increase + 1.1 M Cairo Egypt
94%
Increase + 1.2 M Delhi India
94%
Increase + 1.4 M Jakarta Indonesia
91%
Decline - 8.2 M Karachi Pakistan
89%
Increase + 1.65 M Kuala Lumpur Malaysia
89%
Decline - 1.6 M Shanghai China
89%
Increase + 1 M Bangkok Thailand
88%
Decline - 3 M Guangzhou China
85%
Increase + 1.7 M Lahore Pakistan
82%
New Entry Astana Kazakhstan
79%
Dropped out Erbil Iraq
41%
Dropped out Concepción Chile
33%
New Entry Kisangani Congo (Dem. Rep.)
23%
New Entry San Miguel de Tucumán Argentina
12%
New Entry Suzhou China
12%
New Entry Kananga Congo (Dem. Rep.)
9%
New Entry Touba Senegal
9%
New Entry Ilorin Nigeria
6%
New Entry Kozhikode India
6%
New Entry Weihai China
6%
New Entry Yingkou China
6%
New Entry Ganzhou China
5%
New Entry Pingxiang China
5%
New Entry Shaoyang China
5%
New Entry Changde China
3%
New Entry Jingzhou China
3%
New Entry Fuyang China
2%
New Entry Suqian China
2%
New Entry Tengzhou China
2%
New Entry Yibin China
2%
No matching quizzes found
Score Distribution
Percent of People with Each Score
Percentile by Number Answered
Your Score History
You have not taken this quiz